Online katalóg knižníc regiónu Turca

Proč se ryby neutopí? : (Record no. 22589)

MARC details
000 -LEADER
fixed length control field 02049nam a2200613 i 4500
001 - CONTROL NUMBER
control field 22589
003 - CONTROL NUMBER IDENTIFIER
control field CZ PrNK
005 - DATE AND TIME OF LATEST TRANSACTION
control field 20260401143208.0
007 - PHYSICAL DESCRIPTION FIXED FIELD--GENERAL INFORMATION
fixed length control field ta
008 - FIXED-LENGTH DATA ELEMENTS--GENERAL INFORMATION
fixed length control field 170905s2018 xr a b f 001 0 cze
015 ## - NATIONAL BIBLIOGRAPHY NUMBER
National bibliography number cnb002931102
020 ## - INTERNATIONAL STANDARD BOOK NUMBER
International Standard Book Number 9788075495204
Qualifying information (vázáno) :
Terms of availability Kč 279,00
035 ## - SYSTEM CONTROL NUMBER
System control number (OCoLC)1028202433
040 ## - CATALOGING SOURCE
Original cataloging agency OLA001
Language of cataloging cze
Description conventions rda
041 1# - LANGUAGE CODE
Language code of text/sound track or separate title cze
Language code of original eng
072 #7 - SUBJECT CATEGORY CODE
Subject category code 59
Subject category code subdivision Zoologie
Source Konspekt
072 #7 - SUBJECT CATEGORY CODE
Subject category code 0/9-053.2
Subject category code subdivision Literatura pro děti a mládež (naučná)
Source Konspekt
080 ## - UNIVERSAL DECIMAL CLASSIFICATION NUMBER
Universal Decimal Classification number 592/599
Edition identifier MRF
080 ## - UNIVERSAL DECIMAL CLASSIFICATION NUMBER
Universal Decimal Classification number 591.5
Edition identifier MRF
080 ## - UNIVERSAL DECIMAL CLASSIFICATION NUMBER
Universal Decimal Classification number 0/9
Edition identifier MRF
080 ## - UNIVERSAL DECIMAL CLASSIFICATION NUMBER
Universal Decimal Classification number (0.062)
Edition identifier MRF
080 ## - UNIVERSAL DECIMAL CLASSIFICATION NUMBER
Universal Decimal Classification number (0.053.2)
Edition identifier MRF
100 1# - MAIN ENTRY--PERSONAL NAME
Personal name Claybourne, Anna,
Dates associated with a name 1969-
Relationship aut
240 10 - UNIFORM TITLE
Uniform title Why don't fish drown?.
Language of a work Česky
245 10 - TITLE STATEMENT
Title Proč se ryby neutopí? :
Remainder of title a další zásadní otázky ze světa zvířat /
Statement of responsibility, etc. text Anna Claybourneová ; původní ilustrace Claire Gobleová ; překlad Dominika Dubcová
250 ## - EDITION STATEMENT
Edition statement Vydání první
264 #1 - PRODUCTION, PUBLICATION, DISTRIBUTION, MANUFACTURE, AND COPYRIGHT NOTICE
Place of production, publication, distribution, manufacture Praha :
Name of producer, publisher, distributor, manufacturer Euromedia,
Date of production, publication, distribution, manufacture, or copyright notice 2018
300 ## - PHYSICAL DESCRIPTION
Extent 95 stran :
Other physical details ilustrace (převážně barevné) ;
Dimensions 27 cm
336 ## - CONTENT TYPE
Content type term text
Content type code txt
Source rdacontent
336 ## - CONTENT TYPE
Content type term statický obraz
Content type code sti
Source rdacontent
337 ## - MEDIA TYPE
Media type term bez média
Media type code n
Source rdamedia
338 ## - CARRIER TYPE
Carrier type term svazek
Carrier type code nc
Source rdacarrier
490 1# - SERIES STATEMENT
Series statement Pikola
500 ## - GENERAL NOTE
General note Přeloženo z angličtiny
500 ## - GENERAL NOTE
General note Terminologický slovník
500 ## - GENERAL NOTE
General note Obsahuje rejstřík
521 8# - TARGET AUDIENCE NOTE
Target audience note Pro děti od 7 let
650 07 - SUBJECT ADDED ENTRY--TOPICAL TERM
Topical term or geographic name entry element živočichové
Source of heading or term czenas
650 07 - SUBJECT ADDED ENTRY--TOPICAL TERM
Topical term or geographic name entry element ekologie živočichů
Source of heading or term czenas
650 07 - SUBJECT ADDED ENTRY--TOPICAL TERM
Topical term or geographic name entry element všeobecnosti a zajímavosti
Source of heading or term czenas
650 09 - SUBJECT ADDED ENTRY--TOPICAL TERM
Topical term or geographic name entry element animals
Source of heading or term eczenas
650 09 - SUBJECT ADDED ENTRY--TOPICAL TERM
Topical term or geographic name entry element animal ecology
Source of heading or term eczenas
650 09 - SUBJECT ADDED ENTRY--TOPICAL TERM
Topical term or geographic name entry element facts and features
Source of heading or term eczenas
655 #7 - INDEX TERM--GENRE/FORM
Genre/form data or focus term populárně-naučné publikace
Source of term czenas
655 #7 - INDEX TERM--GENRE/FORM
Genre/form data or focus term publikace pro děti
Source of term czenas
655 #9 - INDEX TERM--GENRE/FORM
Genre/form data or focus term popular works
Source of term eczenas
655 #9 - INDEX TERM--GENRE/FORM
Genre/form data or focus term children's literature
Source of term eczenas
700 1# - ADDED ENTRY--PERSONAL NAME
Personal name Goble, Claire
Relationship ill
700 1# - ADDED ENTRY--PERSONAL NAME
Personal name Dubcová, Dominika
Relationship trl
830 #0 - SERIES ADDED ENTRY--UNIFORM TITLE
Uniform title Pikola (Euromedia)
901 ## - LOCAL DATA ELEMENT A, LDA (RLIN)
b 9788075495204
f 1. vydání
o 20180205
910 ## - USER-OPTION DATA (OCLC)
User-option data ABA001
942 ## - ADDED ENTRY ELEMENTS (KOHA)
Source of classification or shelving scheme Dewey Decimal Classification
Koha item type Krásna literatúra pre deti
Suppress in OPAC No
Holdings
Stav vyradenia Strata Poškodenie Spôsob nadobudnutia Domovská knižnica Aktuálna knižnica Dátum nadobudnutia Total checkouts Čiarový kód exemplára Date last seen Typ exemplára
      Dar Obecná knižnica Turčianska Štiavnička Obecná knižnica Turčianska Štiavnička 01.04.2026   4738000921 01.04.2026 Krásna literatúra pre deti
Projekt je podporený Slovenskou asociáciou knižníc
Prevádzkuje Turčianska knižnica Martin 2026